000 00872nam a2200217 i 4500
001 22365
003 ES-MaACL
005 20240124150619.0
007 t|
008 021202s1978 xxu ||||1| eng d
100 1 _aAlden, Douglas.
_919638
245 1 0 _aMarcel Proust's Grasset proofs
_b: [of " A la recherche du temps perdu "], commentary and variants /
_cby Douglas Alden.
260 _aChapel Hill :
_bUniversity of North Carolina,
_c1978.
300 _a561 p. ;
_c24 cm.
490 1 _aNorth Carolina studies in the Romance languages and literatures ;
_v193
600 1 7 _aProust, Marcel,
_d1871-1922-
_xCrítica e interpretación
_2
_9137491
600 1 4 _aProust, Marcel,
_d1871-1922
_994056
830 0 _aNorth Carolina studies in the Romance languages and literatures ;
_v193
_9182412
852 _aES-MaACL
_jA-9261
_bR.98060
999 _c22365
_d22365